[Event "Regionalliga SW 1415"]
[Site "Bayern"]
[Date "2014.11.23"]
[Round "3.2"]
[White "Krulich, Roman"]
[Black "Kuhnert, Josef"]
[Result "1-0"]
[WhiteElo "2168"]
[BlackElo "1959"]
[PlyCount "53"]
[EventDate "2014.10.19"]
[EventType "team-tourn"]
[EventRounds "9"]
[EventCountry "GER"]
[SourceTitle "EXT 2018"]
[Source "ChessBase"]
[SourceDate "2017.10.13"]
[SourceVersion "1"]
[SourceVersionDate "2017.10.13"]
[SourceQuality "1"]
[WhiteTeam "MSA Zugzwang II"]
[BlackTeam "Solln"]
[WhiteTeamCountry "GER"]
[BlackTeamCountry "GER"]

1. e4 e6 2. d4 d5 3. Nc3 Bb4 4. exd5 exd5 5. Bd3 Nf6 6. Nge2 Bg4 7. f3 Bh5 8. 0-0 Bg6 9. Nf4 0-0 10. Nxg6 hxg6 11. Bg5 c6 12. f4 Nbd7 13. f5 Qb6 14. Ne2 gxf5 15. Rxf5 Rae8 16. Bxf6 Nxf6 17. Rxf6 gxf6 18. c3 Bd6 19. Ng3 Re5 20. Qg4+ Rg5 21. Qh3 Re8 22. Qh6 Rg7 23. Nh5 Rxg2+ 24. Kxg2 Qxb2+ 25. Kf3 Re3+ 26. Kxe3 Bf4+ 27. Qxf4 1-0

[Event "Regionalliga SW 1011"]
[Site "Bayern"]
[Date "2010.12.12"]
[Round "4.4"]
[White "Kuhnert, Josef"]
[Black "Heer, Stephan"]
[Result "1-0"]
[WhiteElo "1992"]
[BlackElo "2096"]
[PlyCount "71"]
[EventDate "2010.10.10"]
[EventType "team-tourn"]
[EventRounds "9"]
[EventCountry "GER"]
[SourceTitle "EXT 2012"]
[Source "ChessBase"]
[SourceDate "2011.11.24"]
[SourceVersion "1"]
[SourceVersionDate "2011.11.24"]
[SourceQuality "1"]
[WhiteTeam "Sonthofen"]
[BlackTeam "Haar"]
[WhiteTeamCountry "GER"]
[BlackTeamCountry "GER"]

1. d4 c5 2. d5 e5 3. c4 d6 4. Nc3 Be7 5. e4 Bg5 6. g3 Bxc1 7. Rxc1 Nh6 8. h4 0-0 9. Bh3 f5 10. Nge2 Ng4 11. f3 Ne3 12. Qd3 f4 13. Bxc8 Qxc8 14. Kd2 Nd7 15. Rcg1 b5 16. Nxb5 Qa6 17. Nec3 Rab8 18. Kc1 Rb6 19. b3 Qa5 20. Na4 Rxb5 21. cxb5 c4 22. Qc3 Qxb5 23. gxf4 cxb3 24. axb3 Nb6 25. Nxb6 Qxb6 26. Kb1 a5 27. fxe5 dxe5 28. Rg5 Rb8 29. Ka2 a4 30. b4 Qb5 31. Re1 Nc4 32. Rc1 Ne3 33. Qxe3 Qxb4 34. Qc3 Qb5 35. Rg2 h6 36. Rb2 1-0

[Event "Regionalliga SW 1011"]
[Site "Bayern"]
[Date "2010.10.24"]
[Round "2.4"]
[White "Hoefelsauer, Thomas"]
[Black "Kuhnert, Josef"]
[Result "1/2-1/2"]
[WhiteElo "2164"]
[BlackElo "1992"]
[PlyCount "126"]
[EventDate "2010.10.10"]
[EventType "team-tourn"]
[EventRounds "9"]
[EventCountry "GER"]
[SourceTitle "EXT 2012"]
[Source "ChessBase"]
[SourceDate "2011.11.24"]
[SourceVersion "1"]
[SourceVersionDate "2011.11.24"]
[SourceQuality "1"]
[WhiteTeam "Muenchen Suedost"]
[BlackTeam "Sonthofen"]
[WhiteTeamCountry "GER"]
[BlackTeamCountry "GER"]

1. c4 Nf6 2. Nc3 c6 3. e4 d5 4. e5 d4 5. exf6 dxc3 6. bxc3 exf6 7. Nf3 Bd6 8. Be2 0-0 9. 0-0 Bg4 10. d4 Nd7 11. a4 b6 12. Ba3 Bxa3 13. Rxa3 Re8 14. Ra2 Qe7 15. d5 Qd6 16. Nd4 Bxe2 17. Nxe2 Rad8 18. Qd4 Nc5 19. Ng3 cxd5 20. Rd1 Ne6 21. Qg4 Qf4 22. Qxf4 Nxf4 23. Rad2 Re5 24. Kf1 g5 25. f3 f5 26. Kf2 f6 27. Nf1 Rde8 28. cxd5 Re2+ 29. Kg1 Rxd2 30. Rxd2 Ne2+ 31. Kf2 Nxc3 32. Ne3 Nxa4 33. Nxf5 Nc5 34. d6 h5 35. Ne7+ Kf7 36. Nc6 Ke6 37. Nxa7 Kd7 38. Nb5 Re6 39. Ra2 Re5 40. Ra7+ Kc6 41. Na3 f5 42. g3 g4 43. fxg4 hxg4 44. Nc4 Rd5 45. Rf7 Ne4+ 46. Ke3 Nxd6 47. Rf6 b5 48. Nxd6 Rxd6 49. Rxf5 b4 50. Rf4 Kc5 51. Rxg4 b3 52. Rf4 b2 53. Rf1 Kb4 54. Rb1 Kc3 55. Kf4 Rd2 56. h4 Rh2 57. Kg5 Kc2 58. Rxb2+ Kxb2 59. h5 Kc3 60. g4 Kd4 61. h6 Ke4 62. Kg6 Kf4 63. g5 Rh1 1/2-1/2

[Event "Regionalliga SW 0910"]
[Site "Bayern"]
[Date "2009.11.29"]
[Round "3.2"]
[White "Kuhnert, Josef"]
[Black "Fauth, Dietmar"]
[Result "0-1"]
[WhiteElo "1992"]
[BlackElo "2146"]
[PlyCount "108"]
[EventDate "2009.10.18"]
[EventType "team-tourn"]
[EventRounds "9"]
[EventCountry "GER"]
[SourceTitle "EXT 2011"]
[Source "ChessBase"]
[SourceDate "2010.11.26"]
[SourceVersion "1"]
[SourceVersionDate "2010.11.26"]
[SourceQuality "1"]
[WhiteTeam "Sonthofen"]
[BlackTeam "Muenchen Siemens"]
[WhiteTeamCountry "GER"]
[BlackTeamCountry "GER"]

1. d4 Nf6 2. Bg5 c6 3. c3 d5 4. Nd2 Bf5 5. e3 Nbd7 6. Ngf3 h6 7. Bh4 e6 8. Be2 Bd6 9. Bg3 Bxg3 10. hxg3 Qc7 11. Nh4 Bh7 12. f4 Ne4 13. Nf1 0-0-0 14. Nf3 f6 15. Bd3 e5 16. Qc2 Rhe8 17. 0-0-0 Qa5 18. Kb1 Nxc3+ 19. bxc3 e4 20. Ka1 exd3 21. Qb2 Nb6 22. N3d2 Na4 23. Qb4 Qxb4 24. cxb4 Nb6 25. Rc1 Bf5 26. Rh4 Kb8 27. g4 Be4 28. Rh2 Nc8 29. f5 Nd6 30. Ng3 Rd7 31. Ngf1 Rc7 32. Nb3 b6 33. Rd1 Nc4 34. Nbd2 Nxd2 35. Nxd2 c5 36. bxc5 bxc5 37. dxc5 Rxc5 38. Nb3 Rc7 39. g3 Rec8 40. Rdd2 Ka8 41. Kb2 Rb8 42. Ka1 a5 43. Rd1 Bf3 44. Rc1 Rxc1+ 45. Nxc1 Bxg4 46. Nxd3 Bxf5 47. Nb2 a4 48. Rh4 Be4 49. a3 Rb3 50. Ka2 Rxe3 51. Nxa4 Rxg3 52. Kb2 f5 53. Nc3 Kb7 54. Ka1 Rxc3 0-1

[Event "Regionalliga SW 0708"]
[Site "Bayern"]
[Date "2008.04.06"]
[Round "8.4"]
[White "Schmidt, Gerhard3333"]
[Black "Kuhnert, Josef"]
[Result "1-0"]
[WhiteElo "2155"]
[BlackElo "1995"]
[PlyCount "67"]
[EventDate "2007.10.21"]
[EventType "team-tourn"]
[EventRounds "9"]
[EventCountry "GER"]
[SourceTitle "EXT 2009"]
[Source "ChessBase"]
[SourceDate "2008.11.26"]
[SourceVersion "1"]
[SourceVersionDate "2008.11.26"]
[SourceQuality "1"]
[WhiteTeam "Unterhaching"]
[BlackTeam "Sonthofen"]
[WhiteTeamCountry "GER"]
[BlackTeamCountry "GER"]

1. d4 f5 2. Bg5 g6 3. e3 Bg7 4. Nd2 Nh6 5. Ngf3 Nf7 6. Bh4 0-0 7. Bc4 d5 8. Bb3 Qd7 9. c4 e6 10. Rc1 c6 11. 0-0 b6 12. Ng5 Nxg5 13. Bxg5 Bb7 14. Bf4 Na6 15. Nf3 Qe7 16. Re1 Rac8 17. Qd2 Rfd8 18. Bg5 Bf6 19. Bxf6 Qxf6 20. cxd5 exd5 21. e4 fxe4 22. Rxe4 Re8 23. Rce1 Nc7 24. Re5 Qf8 25. h4 Rxe5 26. Nxe5 Qf6 27. Ng4 Qg7 28. Qg5 Kf8 29. Re3 Ne8 30. Rf3+ Kg8 31. Nh6+ Kh8 32. Rf7 Qxd4 33. Rf8+ Kg7 34. Rg8# 1-0

[Event "Regionalliga SW 0708"]
[Site "Bayern"]
[Date "2007.11.04"]
[Round "2.3"]
[White "Boehm, Uwe"]
[Black "Kuhnert, Josef"]
[Result "1/2-1/2"]
[WhiteElo "2094"]
[BlackElo "1995"]
[PlyCount "131"]
[EventDate "2007.10.21"]
[EventType "team-tourn"]
[EventRounds "9"]
[EventCountry "GER"]
[SourceTitle "EXT 2009"]
[Source "ChessBase"]
[SourceDate "2008.11.26"]
[SourceVersion "1"]
[SourceVersionDate "2008.11.26"]
[SourceQuality "1"]
[WhiteTeam "Muenchen Siemens"]
[BlackTeam "Sonthofen"]
[WhiteTeamCountry "GER"]
[BlackTeamCountry "GER"]

1. d4 f5 2. g3 Nf6 3. Bg2 g6 4. Nf3 Bg7 5. 0-0 0-0 6. b3 d6 7. Bb2 Ne4 8. Nbd2 Nxd2 9. Qxd2 Qe8 10. c4 c6 11. d5 Bxb2 12. Qxb2 Qf7 13. Rad1 Bd7 14. Qd2 Na6 15. b4 c5 16. b5 Nc7 17. a4 Qf6 18. Rfe1 a5 19. e4 fxe4 20. Rxe4 Bf5 21. Re3 b6 22. Rde1 Rf7 23. Nh4 Bg4 24. Re4 Bd7 25. f4 Ne8 26. Nf3 Rg7 27. Qe3 Kf8 28. Ng5 Nc7 29. Qd2 h6 30. Nf3 Kg8 31. Nh4 Rf8 32. Rf1 Kh7 33. Re3 Rgf7 34. Be4 Rg7 35. Rfe1 Kg8 36. Bg2 Rff7 37. Kh1 Ne8 38. Be4 Bh3 39. Bg2 Bxg2+ 40. Nxg2 Nc7 41. Re4 Qf5 42. Nh4 Qf6 43. Qd3 Kh7 44. R4e2 Kg8 45. Ng2 g5 46. Rf1 Qg6 47. f5 Qh7 48. Qe4 Rf6 49. Ne3 h5 50. Qc2 Ne8 51. h3 Rgf7 52. Kg2 Rg7 53. Nd1 Rgf7 54. Ref2 Ng7 55. Ne3 Kf8 56. Kg1 Ne8 57. Qe4 Rg7 58. Kg2 Qg8 59. g4 Rh6 60. Rf3 Nf6 61. Qe6 hxg4 62. Qc8+ Kf7 63. Qe6+ Kf8 64. Qc8+ Kf7 65. Qe6+ Kf8 66. Qc8+ 1/2-1/2

[Event "Regionalliga SW 0607"]
[Site "Bayern"]
[Date "2007.04.22"]
[Round "9.2"]
[White "Niebergall, Gerhard"]
[Black "Kuhnert, Josef"]
[Result "1/2-1/2"]
[WhiteElo "2069"]
[BlackElo "2018"]
[PlyCount "27"]
[EventDate "2006.10.15"]
[EventType "team-tourn"]
[EventRounds "9"]
[EventCountry "GER"]
[SourceTitle "EXT 2008"]
[Source "ChessBase"]
[SourceDate "2007.11.25"]
[SourceVersion "1"]
[SourceVersionDate "2007.11.25"]
[SourceQuality "1"]
[WhiteTeam "Bayern Muenchen III"]
[BlackTeam "Sonthofen"]
[WhiteTeamCountry "GER"]
[BlackTeamCountry "GER"]

1. e4 c5 2. Nc3 d6 3. f4 g6 4. Nf3 Bg7 5. Bb5+ Bd7 6. Bc4 Nc6 7. 0-0 e6 8. d3 Nge7 9. Qe1 Nd4 10. Bb3 0-0 11. f5 Nxf3+ 12. Rxf3 Nc6 13. fxe6 fxe6 14. Rxf8+ 1/2-1/2

[Event "Regionalliga SW 0506"]
[Site "Bayern"]
[Date "2006.03.12"]
[Round "8.5"]
[White "Kuhnert, Josef"]
[Black "Steffen, Kevin"]
[Result "1-0"]
[WhiteElo "2025"]
[BlackElo "1933"]
[PlyCount "73"]
[EventDate "2005.10.23"]
[EventType "team-tourn"]
[EventRounds "9"]
[EventCountry "GER"]
[SourceTitle "EXT 2007"]
[Source "ChessBase"]
[SourceDate "2006.11.23"]
[SourceVersion "1"]
[SourceVersionDate "2006.11.23"]
[SourceQuality "1"]

1. d4 Nf6 2. Bg5 c5 3. dxc5 Nc6 4. Nc3 Qa5 5. Qd2 e6 6. Bxf6 gxf6 7. Ne4 Qxd2+ 8. Kxd2 f5 9. Nd6+ Ke7 10. Nf3 b6 11. Nxc8+ Rxc8 12. cxb6 axb6 13. e3 Bg7 14. c3 e5 15. Nh4 Ke6 16. f4 Bf6 17. Nf3 e4 18. Nd4+ Bxd4 19. exd4 h5 20. Be2 h4 21. Ke3 Ne7 22. c4 Rhg8 23. Kf2 Rc7 24. g3 Rh8 25. b3 Rcc8 26. a4 Kf6 27. d5 Rh7 28. Rag1 Rch8 29. g4 fxg4 30. Bxg4 Nf5 31. Bxf5 Kxf5 32. Ke3 f6 33. h3 Rh6 34. Rg4 Rg6 35. Rhg1 Rgh6 36. Rg7 R6h7 37. R1g4 1-0

[Event "Regionalliga SW 0506"]
[Site "Bayern"]
[Date "2005.11.27"]
[Round "3.4"]
[White "Nuber, Korbinian"]
[Black "Kuhnert, Josef"]
[Result "1/2-1/2"]
[WhiteElo "2072"]
[BlackElo "2025"]
[PlyCount "84"]
[EventDate "2005.10.23"]
[EventType "team-tourn"]
[EventRounds "9"]
[EventCountry "GER"]
[SourceTitle "EXT 2007"]
[Source "ChessBase"]
[SourceDate "2006.11.23"]
[SourceVersion "1"]
[SourceVersionDate "2006.11.23"]
[SourceQuality "1"]

1. e4 c5 2. Nc3 Nc6 3. Bb5 g6 4. Bxc6 dxc6 5. d3 Bg7 6. Be3 b6 7. f4 e5 8. Nf3 exf4 9. Bxf4 Ne7 10. Qd2 Be6 11. Bh6 Bxh6 12. Qxh6 Qd7 13. Rf1 f5 14. Ne5 Qd6 15. Nxg6 Nxg6 16. exf5 Bxf5 17. Rxf5 Qe6+ 18. Ne4 0-0-0 19. Rf6 Qd5 20. Qh3+ Kb7 21. Qe6 Rhe8 22. Qf5 c4 23. 0-0-0 cxd3 24. Qxd5 Rxd5 25. Nd6+ Rxd6 26. Rxd6 dxc2 27. Kxc2 Nf4 28. Rd7+ Ka6 29. R1d2 h5 30. a3 Re5 31. Kb1 Nd5 32. Rf2 Re1+ 33. Ka2 h4 34. Rh7 Re4 35. Rff7 Re2 36. Rxa7+ Kb5 37. Rag7 Nc3+ 38. Kb3 Na4 39. Ka2 Nc3+ 40. Kb3 Na4 41. Rg5+ c5 42. Ka2 Nc3+ 1/2-1/2

[Event "Regionalliga SW 0405"]
[Site "Bayern"]
[Date "2004.11.14"]
[Round "2.4"]
[White "Altmann, Christoph"]
[Black "Kuhnert, Josef"]
[Result "1-0"]
[WhiteElo "2009"]
[BlackElo "2005"]
[PlyCount "63"]
[EventDate "2004.10.24"]
[EventType "team-tourn"]
[EventRounds "9"]
[EventCountry "GER"]
[SourceTitle "EXT 2007"]
[Source "ChessBase"]
[SourceDate "2006.11.23"]
[SourceVersion "1"]
[SourceVersionDate "2006.11.23"]
[SourceQuality "1"]
[WhiteTeam "Sendling SC"]
[BlackTeam "Sonthofen"]
[WhiteTeamCountry "GER"]
[BlackTeamCountry "GER"]

1. d4 f5 2. Bg5 g6 3. Nd2 Bg7 4. e4 fxe4 5. Nxe4 d5 6. Nc5 b6 7. Nb3 Nh6 8. h4 Nf7 9. Be3 e5 10. h5 g5 11. Qd2 h6 12. dxe5 Bxe5 13. 0-0-0 Bb7 14. Nf3 Bf6 15. Bd4 0-0 16. Qd3 Bxd4 17. Nbxd4 Qd6 18. Qg6+ Qxg6 19. hxg6 Nd8 20. Rxh6 c5 21. Nb5 Nd7 22. Nc7 g4 23. Nxa8 gxf3 24. Nc7 Nf6 25. gxf3 Kg7 26. Rh3 Kxg6 27. Nb5 Ne6 28. Nd6 Bc6 29. Bd3+ Kg5 30. Re1 Nd4 31. c3 c4 32. Bb1 1-0

[Event "Regionalliga SW 0102"]
[Site "Bayern"]
[Date "2001.11.25"]
[Round "3.3"]
[White "Kuhnert, Josef"]
[Black "Schlinkmeier, Karsten"]
[Result "0-1"]
[WhiteElo "2030"]
[BlackElo "2160"]
[PlyCount "44"]
[EventDate "2001.10.07"]
[EventType "team"]
[EventRounds "9"]
[EventCountry "GER"]
[SourceTitle "EXT 2003"]
[Source "ChessBase"]
[SourceDate "2002.11.25"]
[SourceVersion "1"]
[SourceVersionDate "2002.11.25"]
[SourceQuality "1"]
[WhiteTeam "Sonthofen"]
[BlackTeam "Garching"]
[WhiteTeamCountry "GER"]
[BlackTeamCountry "GER"]

1. d4 Nf6 2. Nf3 d5 3. e3 Bg4 4. c4 c6 5. cxd5 cxd5 6. Qb3 Bxf3 7. gxf3 Qb6 8. Qxb6 axb6 9. Nc3 Nc6 10. Nb5 Kd7 11. Bd2 e6 12. a3 Bb4 13. Bxb4 Nxb4 14. Rc1 Nc6 15. Bd3 Rhc8 16. Ke2 Na5 17. b4 Nc4 18. Bxc4 dxc4 19. Ra1 Kc6 20. a4 Nd5 21. Rhb1 Rxa4 22. Na7+ Rxa7 0-1

[Event "Regionalliga SW 0001"]
[Site "Bayern"]
[Date "2000.11.12"]
[Round "2.4"]
[White "Daurer, Walter"]
[Black "Kuhnert, Josef"]
[Result "1/2-1/2"]
[WhiteElo "2175"]
[BlackElo "1985"]
[PlyCount "129"]
[EventDate "2000.10.15"]
[EventType "team-tourn"]
[EventRounds "9"]
[EventCountry "GER"]
[SourceTitle "EXT 2020"]
[Source "ChessBase"]
[SourceDate "2019.10.17"]
[SourceVersion "1"]
[SourceVersionDate "2019.10.17"]
[SourceQuality "1"]
[WhiteTeam "Muenchen Tarrasch"]
[BlackTeam "Sonthofen"]
[WhiteTeamCountry "GER"]
[BlackTeamCountry "GER"]

1. e4 c5 2. Nf3 d6 3. d4 cxd4 4. Nxd4 Nf6 5. Nc3 a6 6. Be2 e6 7. a4 Qc7 8. 0-0 Be7 9. Kh1 b6 10. f4 Bb7 11. Bf3 Nc6 12. Nxc6 Bxc6 13. e5 dxe5 14. fxe5 Nd7 15. Bxc6 Qxc6 16. Qg4 0-0-0 17. Qe2 Rhf8 18. Qxa6+ Qb7 19. Qe2 Bb4 20. Qc4+ Bc5 21. Bf4 Nb8 22. Rfd1 Nc6 23. Nb5 Kb8 24. Qe4 Ne7 25. Qc4 Nd5 26. c3 Be7 27. Qe4 g5 28. Bg3 h5 29. Bf2 Nf4 30. Qxb7+ Kxb7 31. Bd4 Rd5 32. Rd2 Rfd8 33. g3 Ng6 34. Re2 Ra8 35. Ree1 Rad8 36. b3 Bf8 37. Ra2 R8d7 38. Kg2 g4 39. Rf2 Kc6 40. Re4 Rb7 41. h3 gxh3+ 42. Kxh3 Rdd7 43. Kg2 Rb8 44. Kf3 Bg7 45. Rh2 Rh8 46. Na3 Bf8 47. Nc4 Bc5 48. Bxc5 Kxc5 49. Ke3 Rd5 50. Rf2 Rh7 51. Rh2 Rh8 52. Rf2 Rh7 53. Re2 Kc6 54. Rh2 Rh8 55. Kf3 Rd3+ 56. Re3 Rd5 57. Ke4 Rd7 58. Rf3 Rh7 59. Rd2 Rxd2 60. Nxd2 Ne7 61. Rd3 Kc7 62. Nf3 Rg7 63. Nh4 Rg4+ 64. Kf3 Nc6 65. Re3 1/2-1/2

[Event "Regionalliga SW 9899"]
[Site "Bayern"]
[Date "1999.??.??"]
[Round "5.3"]
[White "Kuhnert, Josef"]
[Black "Antemia, Paul"]
[Result "0-1"]
[WhiteElo "1995"]
[BlackElo "2080"]
[PlyCount "68"]
[EventDate "1998.??.??"]
[EventType "team-tourn"]
[EventRounds "9"]
[EventCountry "GER"]
[SourceTitle "EXT 2020"]
[Source "ChessBase"]
[SourceDate "2019.10.17"]
[SourceVersion "1"]
[SourceVersionDate "2019.10.17"]
[SourceQuality "1"]
[WhiteTeam "Sonthofen"]
[BlackTeam "Tuerkheim"]
[WhiteTeamCountry "GER"]
[BlackTeamCountry "GER"]

1. d4 Nf6 2. Nf3 e6 3. e3 b6 4. Bd3 Bb7 5. Nbd2 d5 6. Ne5 Be7 7. 0-0 0-0 8. f4 g6 9. Qf3 c5 10. c3 Ne8 11. Qh3 f5 12. Ndf3 Nd6 13. Bd2 Ne4 14. Be1 Nc6 15. g4 Rc8 16. gxf5 exf5 17. Kh1 Nxe5 18. Nxe5 Bf6 19. Rf3 Rc7 20. Bxe4 dxe4 21. Rg3 Bxe5 22. fxe5 f4 23. exf4 e3+ 24. Kg1 Qd5 25. Qg2 Qxg2+ 26. Rxg2 Bxg2 27. Kxg2 cxd4 28. cxd4 Rxf4 29. Bc3 Rf2+ 30. Kg3 Rcf7 31. d5 R7f3+ 32. Kg4 h5+ 33. Kg5 Rg2+ 34. Kh6 Rf7 0-1